000 00375nam a2200157Ia 4500
008 160316s2001 xxu||||| |||| 00| 0 eng d
082 _a341.650000
_bSTR-1
100 _a
245 _aStrengthening protection in war
250 _a
260 _aGeneva
_bI C R C
_c2001
300 _a127p
_b
_c
365 _b Gratis
650 _a1. Humanitarian Law - War
700 _a
_a
999 _c26973
_d26973